Le gouvernement parlamentaire en Anglaterre

Uloženo v:
Podrobná bibliografie
Hlavní autor: Todd, A (Autor)
Médium: Kniha
Jazyk:francouzština
Vydáno: París V. Giard & E. Briere 1900
Edice:Bibliothèque Internationale de Droit Public
Témata:
Tagy: Přidat tag
Žádné tagy, Buďte první, kdo vytvoří štítek k tomuto záznamu!

MARC

LEADER 00000nam a2200000 a 4500
001 UCR4173
003 CL-VaPUC
008 980307e19000000FR |||||||||||||||||fre|d
082 0 4 |a 328.342  |b TOD  |2 21 
100 0 |a Todd, A  |e author  |9 403879 
245 1 3 |a Le gouvernement parlamentaire en Anglaterre 
300 |a 2 v 
942 |c BK 
945 |d 19980307 00:00:00  |a cmena 
260 |a París  |b V. Giard & E. Briere  |c 1900 
650 0 |a Senadores  |9 403880 
650 7 |a PARLAMENTARIOS  |2 CL-VaPUC  |9 338461 
650 7 |a CAMARA ALTA  |2 CL-VaPUC  |9 338612 
650 0 |a Constitución política  |9 336925 
650 0 |a Poder legislativo  |9 258808 
650 0 |a Poder político  |9 255509 
650 0 |a Derecho constitucional   |9 222588 
650 0 |a Elecciones  |9 254997 
651 0 |a Inglaterra  |9 255158 
583 |a last modification  |c 19980307 00:00:00  |k Rodrigo Vera 
490 0 |a Bibliothèque Internationale de Droit Public 
999 |c 267124  |d 267122 
952 |0 0  |1 0  |4 0  |6 328_342000000000000_TOD_1900  |7 0  |8 X  |9 299309  |a BIBDER  |b BIBDER  |d 2019-11-20  |h v.1  |i 1958321  |o 328.342 TOD 1900  |p 1958321  |r 2023-01-25  |w 2019-11-20  |y BK_X  |k DER 
952 |0 0  |1 0  |4 0  |6 328_342000000000000_TOD_1900  |7 0  |8 X  |9 299310  |a BIBDER  |b BIBDER  |d 2019-11-20  |h v.2  |i 195833K  |o 328.342 TOD 1900  |p 195833K  |r 2023-01-25  |w 2019-11-20  |y BK_X  |k DER